000 00413nam a2200121 a 4500
001 000044862
005 20201002045704.0
008 150114s1997 000 spa d
040 _aDO-SdBNP
_bspa
_cBNPHU
245 0 _aReglamento para la elaboración de la correspondencia en el ejercito nacional. /
_cRodríguez, Adriano Silverio.
260 _aSanto Domingo, :
_bEdita Libros,
_c1997.
300 _a44 p. : ;
_c27 cm.
999 _c44351
_d44351